| 000 | 00590nam a2200193 u 4500 | ||
|---|---|---|---|
| 999 |
_c7699 _d7699 |
||
| 001 | 991060928176006706 | ||
| 003 | OSt | ||
| 005 | 20230404112940.0 | ||
| 008 | s2021 xx r 000 0 cat d | ||
| 020 | _a9788491912613 | ||
| 040 |
_bcat _cCDMR |
||
| 100 |
_aPrieto, Pep _94831 |
||
| 245 |
_aPetita gran pantalla _b: de com les sèries ens han canviat la vida _c/ Pep Prieto |
||
| 260 |
_aBarcelona : _bPublicacions de l'Abadia de Montserrat, _c2023 |
||
| 300 | _a196 pàgines | ||
| 490 |
_aMagma _v; 9 |
||
| 650 | 0 |
_93804 _aSèries televisives _xAspectes socials |
|
| 942 |
_2udc _cMON |
||